00677nam a22002298a 45000010008000000030004000080050017000120080041000290150013000700160015000830200015000980400008001130500016001210820024001372450075001612600031002363000031002673500030002986000031003286500067003597000021004261633418csc20200421093822.0890502s1988 enkac 00010beng b ab882071500a700=NOTNAL a0862874203 ccsc00aPN2287.B694 a791.43/028/092421900aLouise Brooks :bportrait of an anti-star /cedited by Roland Jaccard. aLondon :bColumbus,c1988. a[160] p. :bill. ;c27 cm. a£9.95 : CIP entry (June)10aBrooks, Louised1906-1985. 0aMotion picture actors and actresseszUnited StatesxBiography.11aJaccard, Roland.